| 000 | 00703nam a2200229 a 4500 | ||
|---|---|---|---|
| 999 |
_c1365 _d1365 |
||
| 001 | 1365 | ||
| 003 | BD-JhCC | ||
| 005 | 20171022132020.0 | ||
| 008 | 171018s2009 bg |||| ||a| 000 0 ben d | ||
| 020 | _a9844101204 | ||
| 035 | _a(BD-JhCC) 1365 | ||
| 040 |
_aBD-JhCC _dBD-JhCC |
||
| 041 | _aben | ||
| 082 |
_a320.1 _bKAR 2009 |
||
| 100 | _aকরিম, সরদার ফজলুল | ||
| 245 |
_aএ্যারিষ্টটল -এর পলিটিকস / _c সরদার ফজলুল করিম |
||
| 260 |
_aঢাকা : _bমাওলা ব্রাদার্স _c2009 |
||
| 300 |
_a341 p .: _c22 cm . |
||
| 650 | _aPolitical science | ||
| 942 |
_2ddc _cBK |
||